000 00452nam a22001337a 4500
999 _c534225
_d534225
020 _qHard Cover.
100 _aRahat, Farhana
245 _aDevelopment of Polymer/nano Hydroxyapatite Composite Membranes /
_cFarhana Rahat.
260 _aIslamabad:
_bSCME - NUST,
_c2016.
942 _2ddc
_cTHE
650 _aMaterials and Surface Engineering MS-Thesis.
_916159
700 _aFarhana Rahat.
_928382